000 01088cam a2200289 a 4500
005 20170512151525.0
008 090513s2007 txua b 001 0 eng d
020 _a1597180343
020 _a9781597180344
040 _aMYG
_cMYG
_dMYG
_dZCU
_dNLGGC
_dMUQ
_dDRB
_dYDXCP
_dDLC
_dCO-BoIAVH
041 0 _aeng
044 _axxu
082 0 4 _a005.55
_bS79a6
245 0 0 _aStata graphics reference manual :
_brelease 10.
246 1 4 _aStata release 10 :
_bgraphics
246 1 8 _aStata 10 graphics
260 _aCollege Station, Tex. :
_bStata Press,
_cc2007.
300 _avi, 618 páginas :
_bilustraciones ;
_c24 x19 cm.
504 _aIncluye referencias bibliográficas e índices.
630 0 _aStata.
630 2 6 _aStata (Software)
_vGuías, manuales, etc.
650 2 6 _aEstadísticas
_xProgramas de ordenador
650 2 6 _aEstadísticas
_xMétodos de gráficación
_xProgramas de ordenador
650 2 6 _aCiencias sociales
_xEstadística
_xProgramas de ordenador
_vGuías, manuales, etc.
710 2 _aStata Corporation
942 _2ddc
_cREVISTA
999 _c19495
_d19495